| 000 | 00807nab a2200241 4500 | ||
|---|---|---|---|
| 003 | BR-BrBNA | ||
| 005 | 20251227165441.0 | ||
| 008 | 251227b bl.||||| |||| 00| 0 por d | ||
| 040 |
_aBR-BrBNA _bpor |
||
| 072 | _aE14 ; C30 ; E20 ; P01 | ||
| 100 | _aPontes, Alécia | ||
| 245 |
_aLavoura conectada _bAgronegócios |
||
| 500 | _a8 illus. | ||
| 650 | _aADOÇÃO DE TECNOLOGIA | ||
| 650 | _aTECNOLOGIA DA INFORMAÇÃO | ||
| 650 | _aINFORMÁTICA | ||
| 650 | _aGESTÃO DA PROPRIEDADE | ||
| 650 | _aTOMADA DE DECISÃO | ||
| 650 | _aSUSTENTABILIDADE | ||
| 773 | 0 |
_01706 _9348084 _dSão Paulo-SP Editora Três Ltda - E-mail: luizfsa@revistadinheiro.com.br 2004 _o2025-0577 _tDinheiro Rural (Brazil) _x1807-3700 _gv. 9(104) p. 44-48; (Jun 2013) _wBR2025005322 |
|
| 942 | _cANA | ||
| 999 |
_c339622 _d339622 |
||